000 01149nkm a2200265 i 4500
001 3037
003 ES-MaACL
005 20250713062539.0
007 khrbo
008 041110s1981 sp --- g |001||spa d
100 0 _aAlfonso,
_d1902-1990
_919858
245 1 0 _aPresentación del libro "La literatura como signo" coordinado por José Romera Castillo [
_hFotografía] /
_cAlfonso (sello).
260 _a[S.l. :
_bs.n.],
_c1981.
300 _a4 fot. :
_bb. y n. ;
_c12 x 18 cm.
500 _aDatos basados en invitación.
511 0 _aInterviene: Miguel Angel Garrido Gallardo.
518 _aActo organizado por el Ateneo de Madrid en colaboración con la editorial Playor, celebrado en el salón de conferencias el miércoles 11 de noviembre de 1981, a las 20:00 h.
600 1 4 _aGarrido Gallardo, Miguel Ángel.
_955701
610 2 4 _aAteneo de Madrid-
_xActos culturales-
_y1981-
_vFotografías.
_91892
710 2 _aAteneo de Madrid.
_91875
710 2 _aPlayor (Madrid)
_96228
852 _aES-MaACL
_jFOT 70/1981
856 4 _uhttp://www.ateneodemadrid.net/biblioteca_digital/imagenes/1981/0070-1981.jpg
_zVer imagen
999 _c3037
_d3037